[Event "Lesnica Pieniny op"]
[Site "Lesnica"]
[Date "2024.03.23"]
[Round "5"]
[White "Kolesar, Peter"]
[Black "Paciorek, Jan"]
[Result "0-1"]
[WhiteElo "1987"]
[BlackElo "1658"]
[PlyCount "78"]
[EventDate "2024.03.21"]
[EventType "swiss"]
[EventRounds "7"]
[EventCountry "SVK"]
[SourceTitle "CB13_2024"]
[SourceDate "2024.03.27"]
[SourceVersion "1"]
[SourceVersionDate "2024.03.27"]
[SourceQuality "1"]

1. e4 c5 2. Nf3 d6 3. d4 cxd4 4. Nxd4 Nf6 5. Nc3 a6 6. h3 e5 7. Nde2 Be6 8. g4 Be7 9. Bg2 b5 10. a3 Nc6 11. Nd5 Bxd5 12. exd5 Na5 13. b3 0-0 14. Ng3 g6 15. 0-0 Nd7 16. Bh6 Re8 17. Qd2 Rc8 18. f4 exf4 19. Bxf4 Ne5 20. Ne4 Nb7 21. Bxe5 dxe5 22. g5 h6 23. Nf6+ Bxf6 24. Rxf6 hxg5 25. Raf1 Nd6 26. Qxg5 Re7 27. R1f2 Ne8 28. Rxa6 Nd6 29. Rc6 Rxc6 30. dxc6 e4 31. Re2 Qc7 32. Qd5 e3 33. c4 bxc4 34. bxc4 Nf5 35. Re1 Kg7 36. a4 Qa7 37. c5 Qxa4 38. c7 Qa5 39. Rxe3 Rxe3 0-1

[Event "SVK-ch Amateurs"]
[Site "Liptovsky Jan"]
[Date "2023.06.17"]
[Round "6"]
[White "Kolesar, Peter"]
[Black "Gyerpal, Adrian"]
[Result "0-1"]
[WhiteElo "1930"]
[BlackElo "2190"]
[PlyCount "114"]
[EventDate "2023.06.15"]
[EventType "swiss"]
[EventRounds "8"]
[EventCountry "SVK"]
[SourceTitle "CBM 214 Extra"]
[Source "ChessBase"]
[SourceDate "2023.07.31"]
[SourceVersion "1"]
[SourceVersionDate "2023.07.31"]
[SourceQuality "1"]

1. e4 c6 2. Nf3 d5 3. Nc3 dxe4 4. Nxe4 Nf6 5. Ng3 h5 6. h3 e6 7. Bc4 Bd6 8. Ne2 b5 9. Bb3 c5 10. c3 Bb7 11. d4 c4 12. Bc2 Qc7 13. Bd2 Nbd7 14. a4 a6 15. axb5 axb5 16. Rxa8+ Bxa8 17. Qc1 Nd5 18. Ng5 N5f6 19. 0-0 Nb6 20. Bf4 Nbd5 21. Bxd6 Qxd6 22. Ne4 Qc6 23. f3 Qc7 24. Qg5 Kf8 25. Ra1 Bc6 26. Nc5 h4 27. Qe5 Ke7 28. Ra6 Rc8 29. Kf2 b4 30. Qg5 bxc3 31. bxc3 Bb5 32. Ra2 Qb6 33. Qxh4 Be8 34. Qg5 Kf8 35. Qe5 Nd7 36. Nxd7+ Bxd7 37. g4 Be8 38. h4 f6 39. Qh2 e5 40. g5 Nxc3 41. Nxc3 Qxd4+ 42. Kg3 Qxc3 43. gxf6 gxf6 44. Qh3 Rd8 45. Bf5 Rd1 46. h5 Rg1+ 47. Rg2 Qe1+ 48. Kg4 Qe3 49. Kg3 Qe1+ 50. Kg4 Qc1 51. Kg3 Qg5+ 52. Kf2 Rxg2+ 53. Qxg2 Qxf5 54. Qf1 Bxh5 55. Qxc4 Qxf3+ 56. Ke1 Qd1+ 57. Kf2 Qd4+ 0-1

[Event "SVK-ch Amateurs"]
[Site "Liptovsky Jan"]
[Date "2023.06.15"]
[Round "2"]
[White "Kolesar, Peter"]
[Black "Fenik, Jozef"]
[Result "1/2-1/2"]
[WhiteElo "1930"]
[BlackElo "2218"]
[PlyCount "140"]
[EventDate "2023.06.15"]
[EventType "swiss"]
[EventRounds "8"]
[EventCountry "SVK"]
[SourceTitle "CBM 214 Extra"]
[Source "ChessBase"]
[SourceDate "2023.07.31"]
[SourceVersion "1"]
[SourceVersionDate "2023.07.31"]
[SourceQuality "1"]

1. e4 e5 2. Nf3 Nc6 3. d4 exd4 4. Nxd4 Qf6 5. Be3 Bc5 6. c3 Nge7 7. Be2 d5 8. Bf3 Ne5 9. Nd2 Nd3+ 10. Kf1 Ne5 11. h4 h6 12. b4 Bb6 13. exd5 Nxf3 14. Qxf3 Qxf3 15. N2xf3 Nxd5 16. Bd2 0-0 17. g3 c5 18. Nb3 cxb4 19. cxb4 Bf5 20. Nfd4 Be4 21. f3 Bd3+ 22. Kg2 Rfd8 23. Rhd1 Rac8 24. Rac1 Rc4 25. Rxc4 Bxc4 26. Rc1 Bd3 27. Nc2 Kf8 28. Ne1 Be2 29. Nc5 Bxc5 30. Rxc5 Ke7 31. Kf2 Ba6 32. a4 b6 33. Rc1 Rc8 34. Rxc8 Bxc8 35. Nc2 Bd7 36. a5 Kd6 37. axb6 Nxb6 38. Na3 Na4 39. Be3 a6 40. Ke2 Kd5 41. Ba7 Bc6 42. Ke3 g6 43. Bd4 h5 44. Ba7 Nb2 45. Bc5 Bb5 46. Bf8 Bf1 47. Kf2 Bb5 48. Ke3 Na4 49. Bg7 Nb6 50. Bf8 Nd7 51. Be7 Ne5 52. Bf8 Bc6 53. Bg7 Nd7 54. Bd4 Nf8 55. Bf6 Ne6 56. Be7 Nc7 57. Bf8 Ne8 58. Be7 Ba4 59. Bf8 Bb5 60. Be7 Ng7 61. Bf6 Nf5+ 62. Kf4 Nd4 63. Ke3 Nc6 64. Bc3 Ba4 65. Kf4 Bd1 66. g4 Be2 67. Ke3 Bb5 68. Kf4 Be2 69. Ke3 Bb5 70. Kf4 Be2 1/2-1/2

[Event "SVK-chT2C 2223"]
[Site "Slovakia"]
[Date "2023.02.12"]
[Round "9.4"]
[White "Pekar, Karol"]
[Black "Kolesar, Peter"]
[Result "1/2-1/2"]
[WhiteElo "2098"]
[BlackElo "1937"]
[PlyCount "85"]
[EventDate "2022.10.08"]
[EventType "team-tourn"]
[EventRounds "11"]
[EventCountry "SVK"]
[SourceTitle "EXT 2024"]
[Source "ChessBase"]
[SourceDate "2023.10.10"]
[SourceVersion "1"]
[SourceVersionDate "2023.10.10"]
[SourceQuality "1"]
[WhiteTeam "Liptov Chess School III"]
[BlackTeam "Zilina Mladost III"]
[WhiteTeamCountry "SVK"]
[BlackTeamCountry "SVK"]

1. e4 Nc6 2. d4 d5 3. exd5 Qxd5 4. Nf3 Bg4 5. Be2 e6 6. Nc3 Bb4 7. 0-0 Bxc3 8. bxc3 Nge7 9. Bf4 Qa5 10. Bd2 0-0 11. h3 Bf5 12. Bd3 Rad8 13. Qe2 Bxd3 14. cxd3 Ng6 15. Rfb1 b6 16. Qe4 Qd5 17. a4 Rfe8 18. Rb5 Qxe4 19. dxe4 Na5 20. Re1 c6 21. Rb4 h6 22. h4 h5 23. Be3 e5 24. Nd2 Rd7 25. g3 Rc8 26. Rbb1 f6 27. f3 Rcd8 28. Kf2 Kf7 29. f4 exf4 30. gxf4 Ne7 31. f5 g6 32. fxg6+ Nxg6 33. Rh1 Ke6 34. Rbg1 Rg8 35. Rg3 Rdd8 36. Kf3 Nb7 37. Bf2 Nd6 38. Ke3 Ne7 39. Rhg1 a6 40. Kf4 b5 41. Nb3 Nb7 42. axb5 axb5 43. Rxg8 1/2-1/2

[Event "SVK-chT1E 2223"]
[Site "Slovakia"]
[Date "2022.11.06"]
[Round "4.7"]
[White "Nemergut, Matej"]
[Black "Kolesar, Peter"]
[Result "1-0"]
[WhiteElo "2046"]
[BlackElo "1948"]
[PlyCount "111"]
[EventDate "2022.10.15"]
[EventType "team-tourn"]
[EventRounds "11"]
[EventCountry "SVK"]
[SourceTitle "EXT 2024"]
[Source "ChessBase"]
[SourceDate "2023.10.10"]
[SourceVersion "1"]
[SourceVersionDate "2023.10.10"]
[SourceQuality "1"]
[WhiteTeam "Kezmarok KdV"]
[BlackTeam "Zilina Mladost II"]
[WhiteTeamCountry "SVK"]
[BlackTeamCountry "SVK"]

1. d4 Nf6 2. Bf4 g6 3. e3 Bg7 4. Nf3 d6 5. Bd3 0-0 6. Nbd2 Nbd7 7. h4 Nh5 8. Bh2 Ndf6 9. c3 Ng4 10. Ng5 e5 11. Be2 Nhf6 12. Bg1 exd4 13. cxd4 h5 14. f3 Nh6 15. Bf2 c5 16. dxc5 dxc5 17. Qc2 b6 18. e4 Qe7 19. 0-0 Nh7 20. Nxh7 Kxh7 21. Rad1 Be6 22. Nc4 Rad8 23. g3 Rxd1 24. Rxd1 Rd8 25. b3 Ng8 26. a4 Qc7 27. Kg2 Ne7 28. f4 Kg8 29. Bf3 a6 30. Be3 Rxd1 31. Bxd1 f5 32. Bf3 fxe4 33. Bxe4 Nf5 34. Bf2 Bd4 35. Qe2 Kf7 36. Bxf5 Bxf5 37. Bxd4 cxd4 38. Qf3 Kg7 39. Qd5 d3 40. Kf2 Kh7 41. Ke3 Qe7+ 42. Ne5 Kg7 43. Qd4 b5 44. axb5 axb5 45. Kd2 Kh7 46. Nxd3 Qb7 47. Ne5 b4 48. Ke3 Qb8 49. Nf3 Qe8+ 50. Kf2 Qe7 51. Qe3 Qf6 52. Qa7+ Kh6 53. Ne5 Qf8 54. Nf7+ Kg7 55. Ng5+ Kf6 56. Nh7+ 1-0

[Event "SVK-chT1E 2223"]
[Site "Slovakia"]
[Date "2022.11.05"]
[Round "3.6"]
[White "Macko, Michal"]
[Black "Kolesar, Peter"]
[Result "1-0"]
[WhiteElo "2148"]
[BlackElo "1948"]
[PlyCount "89"]
[EventDate "2022.10.15"]
[EventType "team-tourn"]
[EventRounds "11"]
[EventCountry "SVK"]
[SourceTitle "EXT 2024"]
[Source "ChessBase"]
[SourceDate "2023.10.10"]
[SourceVersion "1"]
[SourceVersionDate "2023.10.10"]
[SourceQuality "1"]
[WhiteTeam "Liptov Chess School II"]
[BlackTeam "Zilina Mladost II"]
[WhiteTeamCountry "SVK"]
[BlackTeamCountry "SVK"]

1. e4 Nc6 2. Nf3 e5 3. Bc4 Nf6 4. d3 Be7 5. 0-0 0-0 6. Re1 d6 7. a4 Rb8 8. c3 a6 9. a5 Na7 10. d4 Nd7 11. Nbd2 Bf6 12. Nf1 Nb5 13. Ng3 c5 14. dxe5 Nxe5 15. Nxe5 dxe5 16. Be3 Qc7 17. Qb3 Nd6 18. Bd5 Be7 19. Red1 Bd7 20. Rd2 Rfd8 21. Rad1 Be8 22. Qb6 Qxb6 23. axb6 Rbc8 24. f4 Bb5 25. fxe5 Nc4 26. Bxc4 Bxc4 27. Rxd8+ Rxd8 28. Rxd8+ Bxd8 29. Bxc5 g6 30. Be3 Bd3 31. Nf1 Bxe4 32. Nd2 Bd5 33. c4 Bc6 34. Nb3 Be7 35. Na5 Bd7 36. c5 Bxc5 37. Bxc5 Bc8 38. Kf2 Kg7 39. Be7 h6 40. Bf6+ Kf8 41. Ke3 Ke8 42. Kd4 Kd7 43. Kc5 Ke6 44. g3 g5 45. g4 1-0

[Event "Trnava Reti Memorial op"]
[Site "Trnava"]
[Date "2022.08.12"]
[Round "2"]
[White "Gajarsky, Julius"]
[Black "Kolesar, Peter"]
[Result "0-1"]
[WhiteElo "1659"]
[BlackElo "1937"]
[PlyCount "62"]
[EventDate "2022.08.11"]
[EventType "swiss"]
[EventRounds "7"]
[EventCountry "SVK"]
[SourceTitle "CBM 209 Extra"]
[Source "ChessBase"]
[SourceDate "2022.09.30"]
[SourceVersion "1"]
[SourceVersionDate "2022.09.30"]
[SourceQuality "1"]

1. d4 Nf6 2. c4 c5 3. e3 e6 4. Nf3 b6 5. Nc3 Be7 6. Be2 0-0 7. 0-0 cxd4 8. exd4 d5 9. Be3 dxc4 10. Bxc4 Bb7 11. Qe2 Nd5 12. Nxd5 Bxd5 13. Bxd5 Qxd5 14. b3 Nd7 15. Rac1 Bd6 16. Rc2 Rfc8 17. Rfc1 Qb7 18. Rxc8+ Rxc8 19. Rxc8+ Qxc8 20. Qc4 Qb7 21. Ng5 b5 22. Qc2 Nf6 23. h3 h6 24. Nf3 a6 25. Ne5 Qc7 26. Qc6 Bxe5 27. Qxa6 Bh2+ 28. Kh1 Nd5 29. Qxb5 Nxe3 30. Qe8+ Kh7 31. fxe3 Bg3 0-1

[Event "Liptovsky Jan op"]
[Site "Liptovsky Jan"]
[Date "2022.06.26"]
[Round "6"]
[White "Kolesar, Peter"]
[Black "Koska, Jiri"]
[Result "1/2-1/2"]
[WhiteElo "1949"]
[BlackElo "1804"]
[PlyCount "51"]
[EventDate "2022.06.23"]
[EventType "swiss"]
[EventRounds "7"]
[EventCountry "SVK"]
[SourceTitle "CBM 209 Extra"]
[Source "ChessBase"]
[SourceDate "2022.09.30"]
[SourceVersion "1"]
[SourceVersionDate "2022.09.30"]
[SourceQuality "1"]

1. e4 c6 2. d4 g6 3. c3 Bg7 4. Bc4 d5 5. exd5 cxd5 6. Bd3 Nc6 7. Ne2 e6 8. Ng3 Qc7 9. Nd2 Nge7 10. Nf3 Bd7 11. Bd2 0-0 12. Qc2 a6 13. 0-0 f6 14. Ne1 e5 15. dxe5 fxe5 16. f3 Rac8 17. Kh1 Kh8 18. a3 Qb6 19. Bg5 Nf5 20. Nxf5 Bxf5 21. Qd2 e4 22. Be2 exf3 23. Nxf3 d4 24. Rac1 dxc3 25. bxc3 Be4 26. Nh4 1/2-1/2

[Event "Liptovsky Jan op"]
[Site "Liptovsky Jan"]
[Date "2022.06.24"]
[Round "3.6"]
[White "Varga, Lukas"]
[Black "Kolesar, Peter"]
[Result "1-0"]
[WhiteElo "2144"]
[BlackElo "1949"]
[PlyCount "112"]
[EventDate "2022.06.23"]
[EventType "swiss"]
[EventRounds "7"]
[EventCountry "SVK"]
[SourceTitle "CBM 209 Extra"]
[Source "ChessBase"]
[SourceDate "2022.09.30"]
[SourceVersion "1"]
[SourceVersionDate "2022.09.30"]
[SourceQuality "1"]

1. e4 c5 2. Nf3 g6 3. c3 Bg7 4. d4 cxd4 5. cxd4 d5 6. e5 Bg4 7. Bb5+ Nc6 8. Nbd2 e6 9. Bxc6+ bxc6 10. 0-0 Qb6 11. h3 Bxf3 12. Nxf3 Ne7 13. Bg5 h6 14. Bxe7 Kxe7 15. Rc1 Rhc8 16. Qd2 Ke8 17. Rc2 Bf8 18. Rfc1 a5 19. Qe3 a4 20. Ne1 Ra5 21. Nd3 Rb5 22. g3 Kd7 23. Kg2 Ke8 24. g4 Qb7 25. Kh2 Rb6 26. f4 Be7 27. Qf2 Kf8 28. f5 Kg8 29. Rf1 Rf8 30. f6 Bd8 31. Qh4 Kh7 32. g5 h5 33. Rff2 Rh8 34. Rg2 Rb5 35. Rc1 Bb6 36. Rgc2 c5 37. dxc5 Bc7 38. Qd4 Ra8 39. Kg3 Qb8 40. Kf4 Kg8 41. Kf3 Raa5 42. Qc3 Qb7 43. Qd4 Qb8 44. Rc3 Qa7 45. R1c2 Qb8 46. Ra3 Qa7 47. Kg2 Rb8 48. Qf2 Rbb5 49. c6 Qb8 50. Qd4 Bb6 51. Qf4 Bc7 52. Rxa4 Rxa4 53. Qxa4 Rb6 54. Kh1 Bxe5 55. c7 Bxc7 56. Rxc7 Qd8 1-0

[Event "SVK-chT2C 2122"]
[Site "Slovakia"]
[Date "2022.02.06"]
[Round "4.4"]
[White "Kolesar, Peter"]
[Black "Medvec, Miroslav1111"]
[Result "1-0"]
[WhiteElo "2017"]
[BlackElo "2012"]
[PlyCount "103"]
[EventDate "2021.10.16"]
[EventType "team-tourn"]
[EventRounds "11"]
[EventCountry "SVK"]
[SourceTitle "EXT 2023"]
[Source "ChessBase"]
[SourceDate "2022.10.05"]
[SourceVersion "1"]
[SourceVersionDate "2022.10.05"]
[SourceQuality "1"]
[WhiteTeam "Zilina Mladost III"]
[BlackTeam "Liptov Chess School III"]
[WhiteTeamCountry "SVK"]
[BlackTeamCountry "SVK"]

1. e4 c5 2. Nf3 Nc6 3. d4 cxd4 4. Nxd4 g6 5. c3 Bg7 6. Be3 Nf6 7. Nd2 0-0 8. Be2 d5 9. Nxc6 bxc6 10. Qa4 Nxe4 11. Nxe4 dxe4 12. 0-0 Qc7 13. Qxe4 Bf5 14. Qc4 Rab8 15. b3 e5 16. Bf3 Rbc8 17. Bc5 Rfd8 18. Rad1 Be6 19. Qa4 f5 20. Be2 h6 21. Bc4 Bxc4 22. Qxc4+ Kh7 23. g3 f4 24. b4 Rxd1 25. Rxd1 Rd8 26. Qe2 Rxd1+ 27. Qxd1 Qf7 28. a4 f3 29. h3 e4 30. Qb1 Qe6 31. Bxa7 Qxh3 32. Qf1 Qd7 33. Be3 Bxc3 34. b5 cxb5 35. axb5 Be5 36. b6 g5 37. Qb1 Qd3 38. Qc1 Qb5 39. Qc2 Qd3 40. Qc1 Qd5 41. Qb1 Qb7 42. Qb5 Bb8 43. Qf5+ Kg8 44. Qg6+ Qg7 45. Qe8+ Qf8 46. Qxe4 Kg7 47. Bd4+ Kf7 48. Qxf3+ Ke8 49. Qc6+ Kf7 50. b7 Qd6 51. Qxd6 Bxd6 52. Ba7 1-0

[Event "SVK-chT2C 2122"]
[Site "Slovakia"]
[Date "2022.02.05"]
[Round "3.4"]
[White "Holly, Andrej"]
[Black "Kolesar, Peter"]
[Result "1-0"]
[WhiteElo "2199"]
[BlackElo "2017"]
[PlyCount "51"]
[EventDate "2021.10.16"]
[EventType "team-tourn"]
[EventRounds "11"]
[EventCountry "SVK"]
[SourceTitle "EXT 2023"]
[Source "ChessBase"]
[SourceDate "2022.10.05"]
[SourceVersion "1"]
[SourceVersionDate "2022.10.05"]
[SourceQuality "1"]
[WhiteTeam "Ondrasova Krivan"]
[BlackTeam "Zilina Mladost III"]
[WhiteTeamCountry "SVK"]
[BlackTeamCountry "SVK"]

1. e4 c5 2. Nf3 Nc6 3. d4 cxd4 4. Nxd4 Nf6 5. Nc3 a6 6. Nxc6 bxc6 7. e5 Ng8 8. Bc4 d5 9. exd6 exd6 10. Qf3 d5 11. Nxd5 cxd5 12. Bxd5 Ra7 13. 0-0 Nf6 14. Bc6+ Rd7 15. Bg5 Be7 16. Bxf6 Bxf6 17. Rfe1+ Kf8 18. Bxd7 Bxd7 19. Rad1 Qc8 20. Rd6 Be6 21. Rc6 Qb8 22. Rxa6 Ke7 23. Qa3+ Kd7 24. Rd1+ Kc7 25. Qc5+ Kb7 26. Qc6# 1-0

[Event "SVK-chT2C 2122"]
[Site "Slovakia"]
[Date "2021.10.17"]
[Round "2.5"]
[White "Kolesar, Peter"]
[Black "Paverova, Zuzana"]
[Result "1-0"]
[WhiteElo "2003"]
[BlackElo "1858"]
[PlyCount "101"]
[EventDate "2021.10.16"]
[EventType "team-tourn"]
[EventRounds "11"]
[EventCountry "SVK"]
[SourceTitle "EXT 2023"]
[Source "ChessBase"]
[SourceDate "2022.10.05"]
[SourceVersion "1"]
[SourceVersionDate "2022.10.05"]
[SourceQuality "1"]
[WhiteTeam "Zilina Mladost III"]
[BlackTeam "Dunajov III"]
[WhiteTeamCountry "SVK"]
[BlackTeamCountry "SVK"]

1. e4 d6 2. d4 Nf6 3. Nc3 g6 4. Bg5 Bg7 5. Qd2 h5 6. f3 Nbd7 7. Nh3 c6 8. Nf2 b5 9. Ncd1 Bb7 10. Nd3 Nb6 11. c3 Nfd7 12. b3 a5 13. Be3 a4 14. Rb1 axb3 15. axb3 e6 16. Be2 Qh4+ 17. N1f2 Qe7 18. 0-0 0-0 19. Rfc1 Ra3 20. c4 bxc4 21. bxc4 Ba6 22. Nb4 c5 23. Nxa6 Rxa6 24. dxc5 dxc5 25. Nd3 Rfa8 26. Bf1 Kh7 27. Rc2 Ra1 28. Rb5 Na4 29. g3 Rd8 30. Qf2 Nc3 31. Kg2 Nxb5 32. cxb5 c4 33. Rxc4 Qa3 34. Rc2 Ne5 35. Nxe5 Bxe5 36. f4 Rdd1 37. Be2 Rg1+ 38. Kh3 Bg7 39. e5 Qa4 40. Bd3 Rgd1 41. Qe2 Re1 42. Qxh5+ Bh6 43. Bf2 Rec1 44. Rxc1 Rxc1 45. b6 Rc3 46. Qe2 Qb3 47. Be4 Bxf4 48. b7 Bxe5 49. Qh5+ Kg7 50. Qxe5+ f6 51. Qd6 1-0

[Event "Tatranska Lomnica Tatry op"]
[Site "Tatranska Lomnica"]
[Date "2021.10.09"]
[Round "9"]
[White "Kolesar, Peter"]
[Black "Kukucka, Matej"]
[Result "1/2-1/2"]
[WhiteElo "2001"]
[BlackElo "2096"]
[PlyCount "139"]
[EventDate "2021.10.02"]
[EventType "swiss"]
[EventRounds "9"]
[EventCountry "SVK"]
[SourceTitle "EXT 2023"]
[Source "ChessBase"]
[SourceDate "2022.10.05"]
[SourceVersion "1"]
[SourceVersionDate "2022.10.05"]
[SourceQuality "1"]

1. e4 c5 2. Nf3 Nc6 3. d4 cxd4 4. Nxd4 e5 5. Nb3 Nf6 6. Nc3 Bb4 7. Bg5 h6 8. Bxf6 Bxc3+ 9. bxc3 Qxf6 10. Bc4 0-0 11. 0-0 d6 12. Qd3 Be6 13. Rad1 Rfd8 14. Bd5 Rac8 15. Qe3 b6 16. a4 Ne7 17. Rd3 Nxd5 18. exd5 Bf5 19. Rd2 Rc4 20. a5 Rdc8 21. f4 exf4 22. Rxf4 Rxf4 23. Qxf4 Bg6 24. Qxf6 gxf6 25. axb6 axb6 26. Nd4 Rxc3 27. Nb5 Rxc2 28. Rxc2 Bxc2 29. Nxd6 Kf8 30. Kf2 Bb3 31. Nc8 b5 32. d6 Be6 33. Nb6 b4 34. Ke3 b3 35. Kd2 f5 36. g3 h5 37. h4 f6 38. Kc3 Kf7 39. Kb2 Ke8 40. Kc3 Bg8 41. Kb2 Kf7 42. Kxb3 Ke6 43. d7 Ke7+ 44. Kc3 Be6 45. Kd4 Bxd7 46. Nd5+ Kf7 47. Nf4 Ba4 48. Nxh5 Bc2 49. Nf4 Bb1 50. Ke3 Bc2 51. Ne2 Kg6 52. Nd4 Bb1 53. Kf4 Bd3 54. Nc6 Kf7 55. Ke3 Be4 56. Nd4 Kg6 57. Ne6 Kf7 58. Nf4 Bc2 59. Kd4 Bd1 60. Kd5 Bc2 61. Kd6 Bb1 62. Nd5 Bc2 63. Ne7 Bd3 64. h5 Be2 65. h6 Bd3 66. h7 Kg7 67. Ke6 Kxh7 68. Kxf6 Be2 69. Kxf5 Kg7 70. Kf4 1/2-1/2

[Event "Tatranska Lomnica Tatry op"]
[Site "Tatranska Lomnica"]
[Date "2021.10.07"]
[Round "7"]
[White "Kolesar, Peter"]
[Black "Karlik, Vladimir"]
[Result "0-1"]
[WhiteElo "2001"]
[BlackElo "2156"]
[PlyCount "90"]
[EventDate "2021.10.02"]
[EventType "swiss"]
[EventRounds "9"]
[EventCountry "SVK"]
[SourceTitle "EXT 2023"]
[Source "ChessBase"]
[SourceDate "2022.10.05"]
[SourceVersion "1"]
[SourceVersionDate "2022.10.05"]
[SourceQuality "1"]

1. e4 c5 2. Nf3 Nc6 3. d4 cxd4 4. Nxd4 g6 5. g3 Bg7 6. c3 d6 7. Bg2 Nxd4 8. cxd4 Qb6 9. 0-0 Qxd4 10. Qe2 Nf6 11. Be3 Qe5 12. Bf4 Qh5 13. f3 0-0 14. Nc3 Be6 15. Rac1 Rac8 16. Qd2 Qa5 17. Nd5 Qd8 18. Rxc8 Bxc8 19. Be3 Nxd5 20. exd5 b6 21. Rc1 Bb7 22. b3 Qd7 23. Qd3 h5 24. h4 Rc8 25. b4 Rxc1+ 26. Bxc1 Qc8 27. Bd2 Qa8 28. f4 e6 29. b5 Bxd5 30. Bxd5 Qxd5 31. Qxd5 exd5 32. Be3 Kf8 33. a4 Ke7 34. Kf1 Ke6 35. Ke2 Bc3 36. Bf2 Bb4 37. Kd3 Bc5 38. Be1 Kf5 39. a5 bxa5 40. Bxa5 Kg4 41. Be1 Kf3 42. Kc2 Ke2 43. Bc3 d4 44. Ba5 d3+ 45. Kc1 Be3+ 0-1

[Event "Tatranska Lomnica Tatry op"]
[Site "Tatranska Lomnica"]
[Date "2021.10.04"]
[Round "4"]
[White "Kolesar, Peter"]
[Black "Sobek, Jaroslav"]
[Result "0-1"]
[WhiteElo "2001"]
[BlackElo "2192"]
[PlyCount "146"]
[EventDate "2021.10.02"]
[EventType "swiss"]
[EventRounds "9"]
[EventCountry "SVK"]
[SourceTitle "EXT 2023"]
[Source "ChessBase"]
[SourceDate "2022.10.05"]
[SourceVersion "1"]
[SourceVersionDate "2022.10.05"]
[SourceQuality "1"]

1. e4 c5 2. Nf3 d6 3. d4 cxd4 4. Nxd4 Nf6 5. Nc3 a6 6. h3 e6 7. g4 b5 8. Bg2 Bb7 9. a3 Be7 10. Be3 d5 11. Nde2 dxe4 12. Qxd8+ Bxd8 13. Ng3 Nd5 14. Ncxe4 Nxe3 15. fxe3 Ke7 16. Kf2 Nd7 17. a4 b4 18. c4 bxc3 19. bxc3 Bc7 20. c4 Rab8 21. Rhd1 Bc6 22. Ra2 Be5 23. Nc5 Nxc5 24. Bxc6 Rb6 25. Bf3 Bxg3+ 26. Kxg3 Rb4 27. Rc1 Rb3 28. Re1 Rd8 29. Ree2 Rdd3 30. Kf2 Rdc3 31. Rac2 Nxa4 32. Rxc3 Rxc3 33. Ra2 Nc5 34. Be2 h6 35. h4 g5 36. hxg5 hxg5 37. Bf1 f5 38. gxf5 exf5 39. Bg2 Rxc4 40. Bf1 Rh4 41. Ra5 Kd6 42. Bxa6 Rh2+ 43. Kg3 Rc2 44. Kf3 Ke5 45. Bb7 Kf6 46. Bd5 g4+ 47. Kf4 Rc3 48. Bg8 Nd3+ 49. Kg3 Kg5 50. Bh7 Nc5 51. Kf2 Rc2+ 52. Kg1 g3 53. Ra1 Rh2 54. Bg8 Re2 55. Ra3 Kg4 56. Bc4 Rc2 57. Bf1 Ne4 58. Ra1 Kf3 59. Bh3 Rc5 60. Rf1+ Nf2 61. Bg2+ Kxe3 62. Re1+ Kf4 63. Ra1 Kg4 64. Ra4+ f4 65. Ra1 Nh3+ 66. Kf1 f3 67. Bh1 Nf4 68. Kg1 Rc2 69. Rb1 Rf2 70. Bxf3+ Rxf3 71. Ra1 Ne2+ 72. Kh1 Kh3 73. Rg1 Nxg1 0-1

[Event "SVK-ch Amateurs"]
[Site "Topolcany"]
[Date "2021.08.09"]
[Round "7"]
[White "Kolesar, Peter"]
[Black "Jakubek, Peter"]
[Result "1-0"]
[WhiteElo "1952"]
[BlackElo "2116"]
[PlyCount "107"]
[EventDate "2021.08.06"]
[EventType "swiss"]
[EventRounds "7"]
[EventCountry "SVK"]
[SourceTitle "EXT 2022"]
[Source "ChessBase"]
[SourceDate "2021.10.06"]
[SourceVersion "1"]
[SourceVersionDate "2021.10.06"]
[SourceQuality "1"]

1. e4 c6 2. Nc3 d5 3. Nf3 dxe4 4. Nxe4 Nf6 5. Nxf6+ exf6 6. Be2 Bd6 7. d4 Qc7 8. 0-0 Nd7 9. Re1 0-0 10. c4 Re8 11. Bd2 Nf8 12. Qb3 c5 13. h3 Bd7 14. Be3 Ne6 15. Rad1 f5 16. dxc5 Nxc5 17. Qc2 Ne4 18. Bd3 Rad8 19. a3 a5 20. Nd4 g6 21. Nb5 Bxb5 22. cxb5 Qxc2 23. Bxc2 Bf8 24. Bb6 Ra8 25. f3 Re6 26. Be3 Nd6 27. Bb3 Re5 28. a4 Rae8 29. Kf2 Nc8 30. Bd4 Rxe1 31. Rxe1 Rxe1 32. Kxe1 Bg7 33. Bxg7 Kxg7 34. Bc4 f4 35. Kd2 Kf6 36. Kc3 Nd6 37. b4 axb4+ 38. Kxb4 Ke5 39. b6 Kd4 40. Bb3 f5 41. a5 g5 42. Be6 Ke5 43. Bd7 Kd5 44. Bb5 h5 45. Bd3 Kc6 46. Be2 Nc8 47. Bb5+ Kd6 48. Be8 Ne7 49. Kb5 h4 50. a6 bxa6+ 51. Kxa6 Nd5 52. Ka7 Nxb6 53. Kxb6 Kd5 54. Bd7 1-0

[Event "Liptovsky Jan Slovak op U2200"]
[Site "Liptovsky Jan"]
[Date "2021.06.18"]
[Round "3"]
[White "Kolesar, Peter"]
[Black "Kuna, Patrik"]
[Result "1-0"]
[WhiteElo "1954"]
[BlackElo "1891"]
[PlyCount "49"]
[EventDate "2021.06.17"]
[EventType "swiss"]
[EventRounds "7"]
[EventCountry "SVK"]
[SourceTitle "CBM 203 Extra"]
[Source "ChessBase"]
[SourceDate "2021.09.30"]
[SourceVersion "1"]
[SourceVersionDate "2021.09.30"]
[SourceQuality "1"]

1. e4 c5 2. Nf3 Nc6 3. d4 cxd4 4. Nxd4 g6 5. Nc3 Bg7 6. Nxc6 bxc6 7. Be2 Rb8 8. 0-0 Qc7 9. Qd3 Nf6 10. Rb1 0-0 11. Be3 Rd8 12. Qc4 Nxe4 13. Qxe4 d5 14. Qf3 d4 15. Bc4 Bf5 16. Bf4 Be5 17. Ne2 Rb4 18. Bd3 Be6 19. Bxe5 Qxe5 20. b3 Qa5 21. Nf4 Bd7 22. a3 Rb6 23. Bc4 Qg5 24. Rbe1 Bg4 25. Qg3 1-0

[Event "SVK-ch Amateur"]
[Site "Topolcany"]
[Date "2020.07.12"]
[Round "5"]
[White "Kolesar, Peter"]
[Black "Panda, Gyorgy"]
[Result "1-0"]
[WhiteElo "1991"]
[BlackElo "1773"]
[PlyCount "71"]
[EventDate "2020.07.10"]
[EventType "swiss"]
[EventRounds "7"]
[EventCountry "SVK"]
[SourceTitle "EXT 2021"]
[Source "ChessBase"]
[SourceDate "2020.10.23"]
[SourceVersion "1"]
[SourceVersionDate "2020.10.23"]
[SourceQuality "1"]

1. e4 c5 2. Nf3 e6 3. d4 cxd4 4. Nxd4 a6 5. c4 Nf6 6. Bd3 Qc7 7. 0-0 Bc5 8. Nb3 Ba7 9. Nc3 d6 10. Bf4 Nbd7 11. Qe2 0-0 12. Rad1 Ne5 13. h3 Bd7 14. Nd2 Rac8 15. b3 b5 16. Ncb1 bxc4 17. Nxc4 Nxd3 18. Qxd3 e5 19. Bg5 Bb5 20. Nba3 Bd4 21. Bxf6 gxf6 22. Qg3+ Kh8 23. Qh4 Qe7 24. Rd3 Rg8 25. Nxb5 axb5 26. Ne3 Qe6 27. Nf5 Bc5 28. Rfd1 Rcd8 29. Kh1 Rg6 30. f3 Rgg8 31. Qe1 Rd7 32. Rd5 Ra8 33. Qd2 Rdd8 34. Rxc5 dxc5 35. Qxd8+ Qe8 36. Qxf6+ 1-0

[Event "SVK-ch Amateur"]
[Site "Topolcany"]
[Date "2020.07.12"]
[Round "4"]
[White "Voros, Gellert"]
[Black "Kolesar, Peter"]
[Result "1-0"]
[WhiteElo "2182"]
[BlackElo "1991"]
[PlyCount "67"]
[EventDate "2020.07.10"]
[EventType "swiss"]
[EventRounds "7"]
[EventCountry "SVK"]
[SourceTitle "EXT 2021"]
[Source "ChessBase"]
[SourceDate "2020.10.23"]
[SourceVersion "1"]
[SourceVersionDate "2020.10.23"]
[SourceQuality "1"]

1. d4 Nf6 2. Nc3 e6 3. Bf4 d5 4. e3 Be7 5. Nf3 c6 6. Bd3 Nbd7 7. 0-0 Nf8 8. e4 Ng6 9. Bg3 dxe4 10. Nxe4 0-0 11. Nxf6+ Bxf6 12. c3 b6 13. h4 Re8 14. Re1 Bb7 15. h5 Nf8 16. Qc2 Rc8 17. Rad1 Re7 18. Ne5 Qe8 19. Ng4 c5 20. Nxf6+ gxf6 21. Bh4 cxd4 22. Bxf6 Rc5 23. Qe2 Rec7 24. cxd4 Ra5 25. b4 Ra3 26. Qg4+ Ng6 27. hxg6 fxg6 28. Rxe6 Qf7 29. Rde1 Rc8 30. Bc4 Kf8 31. Qg5 Bc6 32. Qh6+ Kg8 33. Re8+ Bxe8 34. Qg7# 1-0